Statistics for Top 10 Most Powerful Countries

Click here to take the quiz!

General Stats

  • This quiz has been taken 187 times
  • The average score is 8 of 10

Answer Stats

RankAnswer% Correct
1United States
100%
3China
99%
2Russia
99%
5United Kingdom
97%
6France
95%
4Germany
95%
7Japan
91%
9Saudi Arabia
63%
8 Israel
58%
10 United Arab Emirates
35%

Score Distribution

Percentile by Number Answered

Percent of People with Each Score

Your Score History

You have not taken this quiz